Flags of Europe in 1683 - Statistics

General Stats
  • This quiz has been taken 177 times
    97 since last reset
  • The average score is 17 of 31
Answer Stats
Picture Answer % Correct
Archduchy of Austria
97%
Denmark–Norway
93%
Swedish Empire
82%
Swiss Confederation
82%
Kingdom of Scotland
81%
Kingdom of England
79%
Holy Roman Empire
78%
Kingdom of France
78%
Ottoman Empire
78%
Polish-Lithuanian Commonwealth
78%
Portuguese Empire
78%
Spanish Empire
76%
Kingdom of Ireland
75%
Dutch Republic
68%
Electorate of Bavaria
68%
Republic of Venice
65%
Principality of Andorra
59%
Papal States
54%
Electorate of Saxony
47%
Tsardom of Russia
43%
Republic of Genoa
40%
Brandenburg–Prussia
38%
Duchy of Savoy
35%
San Marino
29%
Duchy of Mantua
19%
Grand Duchy of Tuscany
19%
Duchy of Parma and Piacenza
16%
Hospitaller Malta
16%
Duchy of Modena and Reggio
10%
Republic of Lucca
9%
Duchy of Massa and Carrara
4%
No matching quizzes found
Score Distribution
Percent of People with Each Score
Percentile by Number Answered
Your Score History
You have not taken this quiz since the last reset